| 000 | 01558cam a2200361 a 4500 | ||
|---|---|---|---|
| 001 | 13319798 | ||
| 003 | ARRUPE | ||
| 005 | 20130918114439.0 | ||
| 008 | 030821s2003 nyua b 001 0 eng | ||
| 010 | _a 2003062454 | ||
| 020 | _a0060558881 (acidfree paper) | ||
| 040 |
_aDLC _cDLC _dDLC |
||
| 043 | _ae-uk-st | ||
| 050 | 0 | 0 |
_aDA890.E2 _bB82 2003b |
| 082 | 0 | 0 |
_a941.3/407 _222 |
| 100 | 1 |
_aBuchan, James. _9470 |
|
| 240 | 1 | 0 | _aCapital of the mind |
| 245 | 1 | 0 |
_aCrowded with genius : _bthe Scottish enlightenment : Edinburgh's moment of the mind / _cJames Buchan. |
| 250 | _a1st ed. | ||
| 260 |
_aNew York : _bHarperCollins Publishers, _cc2003. |
||
| 300 |
_axi, 436 p. : _bill. ; _c24 cm. |
||
| 500 | _a"First published in Great Britain in 2003 as Capital of the mind : how Edinburgh changed the world by John Murray (Publishers)"--T.P. verso. | ||
| 504 | _aIncludes bibliographical references (p. 341-414) and index. | ||
| 650 | 0 |
_aEnlightenment _zScotland _zEdinburgh. _9471 |
|
| 651 | 0 |
_aEdinburgh (Scotland) _xHistory. _9472 |
|
| 651 | 0 |
_aEdinburgh (Scotland) _xIntellectual life _y18th century. _9473 |
|
| 651 | 0 |
_aScotland _xIntellectual life _y18th century. _9474 |
|
| 856 | 4 | 2 |
_3Publisher description _uhttp://www.loc.gov/catdir/description/hc044/2003062454.html |
| 856 | 4 | 2 |
_3Book review (H-Net) _uhttp://www.h-net.org/review/hrev-a0f1u1-aa |
| 906 |
_a7 _bcbc _corignew _d1 _eocip _f20 _gy-gencatlg |
||
| 942 |
_2lcc _cMONOGRAPH |
||
| 999 |
_c117858 _d117858 |
||